书目信息 |
| 题名: |
史记故事选译
|
|
| 作者: | 粱弼 选译 | |
| 分册: | 二 | |
| 出版信息: | 上海 上海古籍出版社 1978 |
|
| 页数: | 151页 | |
| 开本: | 19cm | |
| 丛书名: | ||
| 单 册: | ||
| 中图分类: | H159 | |
| 科图分类: | ||
| 主题词: | 汉语--翻译 , 古代史-中国--纪传体--通俗读物 | |
| 电子资源: | ||
| ISBN: | ||
| 000 | 00675nam0 2200253 45 | |
| 001 | 0178002571 | |
| 005 | 20070729143224.11 | |
| 010 | @dCNY0.36 | |
| 100 | @a19950719d1978 em y0chiy0121 ea | |
| 101 | 0 | @achi |
| 102 | @aCN@b310000 | |
| 105 | @ay z 000zy | |
| 200 | 10 | @a史记故事选译@Ashi ji gu shi xuan yi@h二@f粱弼选译 |
| 210 | @a上海@c上海古籍出版社@d1978 | |
| 215 | @a151页@d19cm | |
| 300 | @a中国古典文学作品选读 | |
| 605 | @a史记@x译文 | |
| 606 | 0 | @a汉语@x翻译 |
| 606 | @a古代史-中国@x纪传体@x通俗读物 | |
| 607 | @a中国@x古代史@x纪传体@x通俗读物 | |
| 690 | @aH159@v3 | |
| 701 | 0 | @a粱弼@Aliang bi@4选译 |
| 801 | 0 | @aCN@bNLC@c20070729 |
| 905 | @dH159@e1:2 | |
| 史记故事选译.二/粱弼选译.-上海:上海古籍出版社,1978 |
| 151页;19cm |
| 中国古典文学作品选读 |
| ISBN :CNY0.36 |
| ● |
| 相关链接 |
|
|
|
|
正题名:史记故事选译
索取号:H159/1:2
 
预约/预借
| 序号 | 登录号 | 条形码 | 馆藏地/架位号 | 状态 | 备注 |
| 1 | 0466272 | 204662720 | 密集书库/ [索取号:H159/1:2] | 在馆 | |
| 2 | 0475007 | 204750073 | 密集书库/ [索取号:H159/1:2] | 在馆 | |
| 3 | 0787459 | 207874594 | 密集书库/ [索取号:H159/1:2] | 在馆 |